UBT Library

Introduction to clinical research in communication disorders / (Record no. 42099)

000 -LEADER
fixed length control field 00882cam a2200253 a 4500
001 - CONTROL NUMBER
control field 2540468
005 - DATE AND TIME OF LATEST TRANSACTION
control field 20180208042317.0
008 - FIXED-LENGTH DATA ELEMENTS--GENERAL INFORMATION
fixed length control field 940310s1994 caua b 001 0 eng c
010 ## - LIBRARY OF CONGRESS CONTROL NUMBER
LC control number 94008061
020 ## - INTERNATIONAL STANDARD BOOK NUMBER
International Standard Book Number 1565932196
035 ## - SYSTEM CONTROL NUMBER
System control number (DLC) 94008061
040 ## - CATALOGING SOURCE
Original cataloging agency DNLM/DLC
Transcribing agency DLC
Modifying agency DLC
041 ## - LANGUAGE CODE
Language code of text/sound track or separate title eng
060 10 - NATIONAL LIBRARY OF MEDICINE CALL NUMBER
Classification number WM 4785 1994
080 ## - UNIVERSAL DECIMAL CLASSIFICATION NUMBER
Universal Decimal Classification number 616.85
082 00 - DEWEY DECIMAL CLASSIFICATION NUMBER
Classification number 616.85 PAN
Edition number 20
100 1# - Rafti
Rafti 9
101 ## - Shkurtesa
Shkurtesa PAT
245 10 - TITLE STATEMENT
Title Introduction to clinical research in communication disorders /
Statement of responsibility, etc Mary H. Pannbacker, Grace F. Middleton ; with contributions from David L. Irwin ... [et al.].
504 ## - BIBLIOGRAPHY, ETC. NOTE
Bibliography, etc Includes bibliographical references (p. 233-264) and index.
906 ## - LOCAL DATA ELEMENT F, LDF (RLIN)
a 7
b cbc
c orignew
d 1
e ocip
f 19
g y-gencatlg
942 ## - ADDED ENTRY ELEMENTS (KOHA)
Source of classification or shelving scheme
Item type Books
Holdings
Withdrawn status Lost status Source of classification or shelving scheme Damaged status Not for loan Collection code Permanent location Current location Shelving location Date acquired Total Checkouts Full call number Barcode Date last seen Price effective from Koha item type
          Koleksioni i përgjithshem UBT - Lipjan UBT - Lipjan Koleksioni i përgjithshem 02/08/2018   616.85 PAN 002-2998604 02/08/2018 02/08/2018 Books
UBT Library © 2015-2024. All rights reserved University Education for Business and Technology